00731cam a2200217 450000100060000000300080000600500170001400800390003103500140007004000270008404100080011108200240011910000530014324501300019625000120032626000490033830000550038750400200044265000260046265000250048823331BD-RjUL20211209000922.0711112r19661965enkabd 001 0 eng a(BD-RjUL) aDLCcDLCdBD-RjULbeng aeng00a330.9bSTR P-3 19661 aStamp, L. Dudleyq(Laurence Dudley),d1898-1966.12aA regional geography : cby Sir Dudley Stamp.bfor advanced and scholarship courses /nPart III :pAustralia and New Zealand. a9th ed. aLondon :bLongmans,c1965 [Impression 1966]. aviii, 119 p. : billus., charts, maps. ;c23 cm. aIncludes index. 0aCommercial geography. 0aCommercial products.